| 000 | 00575pam a2200217 a 4500 | ||
|---|---|---|---|
| 001 | 899246 | ||
| 005 | 20171221035413.0 | ||
| 008 | 811202s1982 nyu b 001 0 eng | ||
| 010 | _a 81021365 | ||
| 020 | _a0671431544 | ||
| 040 |
_aDLC _cDLC _dDLC |
||
| 041 | _aeng | ||
| 080 | _a330.122 NOV | ||
| 082 | 0 | 0 |
_a330.122 NOV _219 |
| 100 | 1 | _a19 | |
| 101 | _aPOL | ||
| 245 | 1 | 4 |
_aThe spirit of democratic capitalism / _cMichael Novak. |
| 504 | _aIncludes bibliographical references and index. | ||
| 906 |
_a7 _bcbc _corignew _d1 _eocip _f19 _gy-gencatlg |
||
| 942 |
_2ddc _cBK |
||
| 999 |
_c39261 _d39261 |
||